Statystyki dla Najdroższy piłkarz z każdego klubu Ligue 1 - grudzień 2023

Kliknij tutaj aby rozwiązać quiz!

Ogólne statystyki

  • Ten quiz został rozwiązany 36 razy
    (22 od ostatniego zresetowania)
  • Średni wynik to 2 z 18

Statystyki odpowiedzi

Klub:Wartość:Piłkarz:% Poprawnych
PSG180,00 mln €Kylian Mbappe
100%
LOSC Lille50,00 mln €Jonathan David
29%
OGC Nicea40,00 mln €Khéphren Thuram
14%
RC Lens40,00 mln €Elye Wahi
10%
AS Monaco30,00 mln €Folarin Balogun
Aleksandr Golovin
10%
Olympique Lyon25,00 mln €Rayan Cherki
10%
Stade Rennes30,00 mln €Amine Gouiri
5%
Olympique Marsylia20,00 mln €Ismaïla Sarr
Renan Lodi
5%
FC Lorient15,00 mln €Romain Faivre
Eli Junior Kroupi
5%
Montpellier HSC12,00 mln €Akor Adams
0%
FC Nantes12,00 mln €Alban Lafont
0%
Clermont Foot7,00 mln €Alidu Seidu
0%
Le Havre AC10,00 mln €Daler Kuzyaev
0%
RC Strasbourg18,00 mln €Habib Diarra
0%
Brest8,00 mln €Lilian Brassier
0%
Stade de Reims12,00 mln €Marshall Munetsi
0%
FC Metz4,00 mln €Óscar Estupiñán
Lamine Camara
0%
Toulouse FC15,00 mln €Thijs Dallinga
0%

Rozkład punktacji

Percentyl według liczby udzielonych odpowiedzi

Procent ludzi z każdym wynikiem

Twoja historia wyników

Nie rozwiązałeś tego quizu od ostatniego zresetowania